000 00317nam a22001337a 4500
008 171031b xxu||||| |||| 00| 0 eng d
020 _a9781600420993
041 _aeng
080 _a33
100 _a58
101 _aBUS
245 _aFEDERAL INCOME TAXATION OF BUSINESS ENTERPRISES
_cWESTIN, R.A
942 _2udc
_cBK
999 _c36721
_d36721